A Case Study of Agri-Food Systems in Rural Spain: Impacts, Responses and Institutional Lessons

Galícia ako jeden z popredných regiónov Španielska, pokiaľ ide o poľnohospodársku a živočíšnu výrobu. Analýza vplyvu Covid-19 na sektor poľnohospodárstva a chovu dobytka v Galícii. Dopady krízy Covid-19 na celý agrárny sektor v Španielsku.

Na minha lista:
Detalhes bibliográficos
Autor principal: Fernández-González, Raquel
Outros Autores: Puíme-Guillén, Félix, Panait, Mirela
Formato: Capítulo de Livro
Idioma:inglês
Assuntos:
Tags: Adicionar Tag
Sem tags, seja o primeiro a adicionar uma tag!

MARC

LEADER 00000naa a2200000 4500
001 0286759
005 20220713124849.2
041 0 |a eng 
044 |a CZ 
245 1 0 |a A Case Study of Agri-Food Systems in Rural Spain: Impacts, Responses and Institutional Lessons  |c Raquel Fernández-González, Félix Puíme-Guillén, Mirela Panait 
520 |a Galícia ako jeden z popredných regiónov Španielska, pokiaľ ide o poľnohospodársku a živočíšnu výrobu. Analýza vplyvu Covid-19 na sektor poľnohospodárstva a chovu dobytka v Galícii. Dopady krízy Covid-19 na celý agrárny sektor v Španielsku. 
610 2 0 |a agropotravinárstvo 
610 2 0 |a poľnohospodárstvo 
610 2 0 |a chov zvierat 
610 2 0 |a výkonnosť ekonomiky 
610 2 0 |a pandémia 
610 2 0 |a koronavírus 
610 2 0 |a Španielsko 
100 1 |a Fernández-González, Raquel 
700 1 |a Puíme-Guillén, Félix 
700 1 |a Panait, Mirela